000 00430nam a2200145Ia 4500
008 230917s9999||||xx |||||||||||||| ||und||
040 _e171763
_aMAIN
041 _aEnglish
082 _a891.437731 SK24K
100 _aशशिकान्त
245 0 _aकुछ महाभारती और
260 _aवाराणसी
_bअनुराग प्रकाशन
_c1980
300 _a79 पृ. p.
942 _cHN
999 _c224118
_d224118